| 000 | 00871nam a2200253 a 4500 | ||
|---|---|---|---|
| 999 |
_c447249 _d447249 |
||
| 003 | BLK | ||
| 005 | 20230727123045.0 | ||
| 008 | 220307b bu |||||r|||| 00| | bu d | ||
| 040 | _aBLK | ||
| 041 |
_aBUL _cBUL |
||
| 080 |
_aТекстилна промишленост. Технология на влакнестите мателиали _b677 _x(062) _z677(062) |
||
| 139 | _bЮ 37 | ||
| 245 |
_aЮта : С традициите на класата и повелята на епохата _b1929-1979 _h[Малотир. изд.] |
||
| 260 |
_9441842 _aРусе _bб. и. _cб. г. |
||
| 300 |
_a24 с. _bс ил. _c13х19 см |
||
| 380 | _a62 | ||
| 653 | 0 |
_9417816 _aтекстилно производство |
|
| 852 |
_bК _cК 62/Ю 37 |
||
| 942 |
_cKNG _n0 _s1 _01 |
||
| 944 |
_aCR _c2022-03-07 _k30556 _lТеодора Пейчева-Дянкова |
||
| 999 | _d447249 | ||
| 999 | _d447249 | ||
| 999 | _d447249 | ||